Human resource management : (Record no. 146934)
[ view plain ]
| 000 -LEADER | |
|---|---|
| fixed length control field | 00585nam a22001817a 4500 |
| 005 - DATE AND TIME OF LATEST TRANSACTION | |
| control field | 20171027135857.0 |
| 010 ## - LCCN (DPL NO) | |
| LC control number | ENG-121089 |
| 020 ## - INTERNATIONAL STANDARD BOOK NUMBER | |
| Terms of availability | 115.00 |
| International Standard Book Number | 9788123429625 |
| 035 ## - SYSTEM CONTROL NUMBER | |
| System control number | EN-104621 |
| 037 ## - SOURCE OF ACQUISITION | |
| Source of stock number/acquisition | DBAD/PUB |
| 082 ## - DEWEY DECIMAL CLASSIFICATION NUMBER | |
| Classification number | 658.3005 |
| 100 ## - MAIN ENTRY--PERSONAL NAME | |
| Personal name | Chandrasekar, S. |
| 245 ## - TITLE STATEMENT | |
| Title | Human resource management : |
| Statement of responsibility, etc | by S. Chandrasekar |
| Remainder of title | practice, purpose, performance / |
| 260 ## - PUBLICATION, DISTRIBUTION, ETC. (IMPRINT) | |
| Place of publication, distribution, etc | Channai |
| Name of publisher, distributor, etc | New Century Book House |
| Date of publication, distribution, etc | 2015 |
| 270 ## - ADDRESS | |
| Address | 41-B, SIDCO Industrial Estate, Ambattur |
| City | Channai |
| Postal code | 600098 |
| 300 ## - PHYSICAL DESCRIPTION | |
| Extent | 132p. |
| Dimensions | 22cm(pbk) |
| Other physical details | ill. |
| 942 ## - ADDED ENTRY ELEMENTS (KOHA) | |
| Source of classification or shelving scheme | Dewey Decimal Classification |
| Item type | English Books |
| Classification part | 658.3005 |
| Call number suffix | CHA |
| Withdrawn status | Lost status | Not for loan | Collection code | Home library | Current library | Date acquired | Source of acquisition | Cost, normal purchase price | Full call number | Barcode | Copy number | Cost, replacement price | Koha item type |
|---|---|---|---|---|---|---|---|---|---|---|---|---|---|
| Not For Loan | Non-fiction | D.B.Act.Division | Bawana | 27/10/2017 | DBAD/PUB | 115.00 | 658.3005 CHA | EN-104621 | 1 | 115.00 | English Books |
